000 00341nam a2200133Ia 4500
008 220204s9999 xx 000 0 und d
082 _a51(035)
_bKOR
100 _aKorn, G A
245 0 _aMathematical handbook for scientists and engineers
250 _aEd.2
260 _aNew York
_bMcGraw Hill
_c1968
700 _aKorn, T M
942 _cBK
999 _c24580
_d24580